<?xml version="1.0" encoding="UTF-8"?>
<marc:record xmlns:marc="http://www.loc.gov/MARC21/slim">
   <marc:leader>00000nam a2200000 a 4500</marc:leader>
   <marc:datafield ind1="1" ind2=" " tag="100">
      <marc:subfield code="a">Kruse, Tatjana</marc:subfield>
      <marc:subfield code="4">aut</marc:subfield>
      <marc:subfield code="e">Verfasser/-in</marc:subfield>
   </marc:datafield>
   <marc:datafield ind1="0" ind2="0" tag="245">
      <marc:subfield code="a">Finger, Hut und Teufelsbrut</marc:subfield>
   </marc:datafield>
   <marc:datafield ind1="0" ind2="0" tag="245">
      <marc:subfield code="b">Kommissar Seifferheld ermittelt</marc:subfield>
   </marc:datafield>
   <marc:datafield ind1="0" ind2="0" tag="245">
      <marc:subfield code="c">Tatjana Kruse</marc:subfield>
   </marc:datafield>
   <marc:datafield ind1=" " ind2="1" tag="264">
      <marc:subfield code="a">München</marc:subfield>
      <marc:subfield code="b">Knaur</marc:subfield>
      <marc:subfield code="c">2012</marc:subfield>
   </marc:datafield>
   <marc:datafield ind1="1" ind2=" " tag="490">
      <marc:subfield code="a">Kommissar Seifferheld 3</marc:subfield>
   </marc:datafield>
   <marc:datafield ind1="1" ind2=" " tag="520">
      <marc:subfield code="a">Vor den Augen der Weltöffentlichkeit wird der indische Kulturattaché mitten auf dem Marktplatz zu Schwäbisch Hall entführt. Siegfried Seifferheld, Kommissar a. D., kennt die Hintergründe, und während die Exekutive noch im Dunkeln tappt, ermittelt Seifferheld mit Gehhilfe und Gefahrhund undercover in einem »Indisch Kochen leicht gemacht«-Kurs. Währenddessen tobt in seiner Familie wieder einmal das Chaos: Seine Freundin MaC ist wutentbrannt ausgezogen, dafür ist seine Schwester Irmgard, auch genannt der General, wieder bei ihm in die Untere Herrengasse eingezogen. Und der heimliche Sticker Seifferheld erhält sogar eine eigene Radiosendung, in der er als Stickexperte mit Rat und Tat berät</marc:subfield>
   </marc:datafield>
   <marc:datafield ind1=" " ind2=" " tag="020">
      <marc:subfield code="a">9783426510506</marc:subfield>
      <marc:subfield code="9">9783426510506</marc:subfield>
   </marc:datafield>
   <marc:datafield ind1=" " ind2=" " tag="020">
      <marc:subfield code="a">3426510502</marc:subfield>
      <marc:subfield code="9">3426510502</marc:subfield>
   </marc:datafield>
   <marc:datafield ind1=" " ind2=" " tag="300">
      <marc:subfield code="a">307 S.</marc:subfield>
   </marc:datafield>
</marc:record>
